000 01289cam a22003014a 4500
999 _c22659
_d22659
001 14027406
005 20170124144700.0
008 050706s2006 nyua b 001 0 eng
010 _a 2005018972
020 _a1404206124 (library binding)
040 _aDLC
_cDLC
_dDLC
042 _apcc
050 0 0 _aQH438.5
_b.H38 2006
100 1 _aHayhurst, Chris.
245 1 0 _aLooking at how genetic traits are inherited with graphic organizers /
_cChris Hayhurst.
250 _a1st ed.
260 _aNew York :
_bThe Rosen Pub. Group,
_cc2006.
300 _a48 p. :
_bcol. ill. ;
_c27 cm.
440 0 _aUsing graphic organizers to study the living environment
504 _aIncludes bibliographical references (p. 45-46) and index.
505 0 _aThe cell -- Cellular reproduction -- The gene's job -- The nature of inheritance -- Genetics and the future.
650 0 _aHeredity.
650 0 _aGenetics.
856 4 1 _3Table of contents
_uhttp://www.loc.gov/catdir/toc/ecip0515/2005018972.html
942 _2lcc
_cBOOKS
_hQH438.5 .H38 2006